Transnational peasants: migrations, networks, and ethnicity in Andean Ecuador/
Wedi'i Gadw mewn:
| Prif Awdur: | |
|---|---|
| Fformat: | Llyfr |
| Tagiau: |
Ychwanegu Tag
Dim Tagiau, Byddwch y cyntaf i dagio'r cofnod hwn!
|
MARC
| LEADER | 00000nam a22000007a 4500 | ||
|---|---|---|---|
| 003 | cru CIDCACS/IIS | ||
| 005 | 20180516155229.0 | ||
| 007 | ta | ||
| 008 | 180516t2002 ne |||p|r||| 00| 0 eng|| | ||
| 999 | |c 41418 |d 41418 | ||
| 040 | |c cru CIDCACS/IIS | ||
| 100 | 1 | |9 7205 |a Kyle, David | |
| 245 | 1 | |a Transnational peasants: |b migrations, networks, and ethnicity in Andean Ecuador/ |c David Kyle | |
| 246 | |a The Andean Exodus: |b Transnational migration from Bolivia, Ecuador and Perú = La migración transformacional desde Bolivia, Educador y Perú | ||
| 300 | |a páginas 29-51: |b tabla | ||
| 500 | |a Texto en inglés y español | ||
| 942 | |2 ddc |c PP | ||
| 773 | 0 | |0 19222 |9 2009 |a Centro de Estudios Latinoamericanos y Documentación |d Amsterdam, Países Bajos: Centro de Estudios Latinoamericanos y Documentación |o 18759 |t Cuadernos del Cedla / | |
